[Event "Invitation"]
[Site "http://www.queenalice.com/game.php?id=79210"]
[Date "2006.6.22"]
[Round "-"]
[White "johnny"]
[Black "soneca"]
[Result "1-0"]
[WhiteElo "1502"]
[BlackElo "1546"]

1. e4 e6 2. Nf3 g6 3. Be2 Nc6 4. O-O Bd6 5. d3 e5 6. c4 Bc5 7. Qe1 Bb4 8. Nc3
Nf6 9. a4 Nd4 10. Nxd4 exd4 11. e5 Ng8 12. Bd2 dxc3 13. Bxc3 Bxc3 14. Qxc3 Qg5
15. d4 b6 16. d5 f6 17. exf6 Nxf6 18. b4 a5 19. bxa5 Rxa5 20. f4 Qf5 21. Bd3 Qh5
22. Qxf6 Rg8 23. Rfe1+ Qe5 24. Rxe5# 1-0

[Event "AUTO-OPEN-304"]
[Site "http://www.queenalice.com/game.php?id=79907"]
[Date "2006.6.25"]
[Round "1"]
[White "mozart"]
[Black "soneca"]
[Result "0-1"]
[WhiteElo "1408"]
[BlackElo "1527"]

1. d4 e6 2. e4 d5 3. Nd2 Nc6 4. Ngf3 f5 5. e5 g5 6. h3 g4 7. hxg4 fxg4 8. Nh4
Nxd4 9. Ng6 hxg6 10. Rxh8 Kf7 11. Nb3 Kg7 0-1

[Event "AUTO-OPEN-304"]
[Site "http://www.queenalice.com/game.php?id=79908"]
[Date "2006.6.25"]
[Round "1"]
[White "soneca"]
[Black "mozart"]
[Result "1-0"]
[WhiteElo "1504"]
[BlackElo "1424"]

1. d3 e5 2. Nf3 Nc6 3. e4 Nf6 4. c4 d6 5. Nc3 Be7 6. Be2 O-O 7. h3 Be6 8. Qa4
Nd7 9. Be3 Nc5 10. Qb5 a6 11. Nxe5 axb5 12. Nxc6 1-0

[Event "AUTO-OPEN-304"]
[Site "http://www.queenalice.com/game.php?id=79929"]
[Date "2006.6.25"]
[Round "1"]
[White "Boeing"]
[Black "soneca"]
[Result "1-0"]
[WhiteElo "1757"]
[BlackElo "1527"]

1. e4 c5 2. c4 e5 3. Qh5 Nf6 4. Qxe5+ Be7 5. Nc3 d6 6. Qg3 Nc6 7. Bd3 Ne5 8. Nf3
Nxd3+ 9. Ke2 Nxc1+ 10. Raxc1 Ng4 11. h3 Qd7 12. hxg4 Qxg4 13. Ke3 Qxg3 14. fxg3
Bf6 15. Nd5 Bg4 16. Nc7+ Ke7 17. Nxa8 Rxa8 18. Rxh7 Bxb2 19. Rb1 Bxf3 20. gxf3
Bd4+ 21. Ke2 Rb8 22. f4 b6 23. f5 Be5 24. g4 a6 25. g5 b5 26. cxb5 axb5 27. a4
b4 28. f6+ Kd7 29. Rxg7 Rf8 30. a5 1-0

[Event "AUTO-OPEN-304"]
[Site "http://www.queenalice.com/game.php?id=79930"]
[Date "2006.6.25"]
[Round "1"]
[White "soneca"]
[Black "Boeing"]
[Result "0-1"]
[WhiteElo "1531"]
[BlackElo "1849"]

1. d3 e5 2. c4 Bc5 3. Nf3 Qf6 4. Nc3 Qb6 5. Ne4 f5 6. Nxc5 Qxc5 7. Qc2 f4 8. d4
exd4 9. Bxf4 d6 10. Qe4+ Ne7 11. Qxd4 Qxd4 12. Nxd4 O-O 13. Nb5 Na6 14. Bg5 Nf5
15. e4 Re8 16. Bd3 Nc5 17. O-O-O Nxd3+ 18. Rxd3 Rxe4 19. b3 Rg4 20. h4 c6 21.
Nc7 Rb8 22. g3 b5 23. Rf3 bxc4 24. Rxf5 Bxf5 25. Be7 d5 26. Bc5 cxb3 27. Bxa7
Rb7 0-1

[Event "Challenge"]
[Site "http://www.queenalice.com/game.php?id=80117"]
[Date "2006.6.25"]
[Round "-"]
[White "soneca"]
[Black "aseptik"]
[Result "0-1"]
[WhiteElo "1601"]
[BlackElo "1489"]

1. d3 d5 2. Nf3 Nf6 3. d4 e6 4. e4 dxe4 5. Ne5 c5 6. c3 Be7 7. f3 cxd4 8. cxd4
exf3 9. gxf3 O-O 10. Bc4 Qb6 11. b3 Nbd7 12. O-O Nxe5 13. Be2 Ng6 14. Kh1 Bd7
15. f4 Bc6+ 16. Kg1 Rfd8 17. f5 exf5 18. Nd2 Qxd4+ 19. Rf2 Qxa1 20. Ba3 Qxd1+
21. Bxd1 Bxa3 0-1

[Event "AUTO-OPEN-319"]
[Site "http://www.queenalice.com/game.php?id=84454"]
[Date "2006.7.10"]
[Round "1"]
[White "pattmenezes"]
[Black "soneca"]
[Result "0-1"]
[WhiteElo "1097"]
[BlackElo "1537"]

1. d4 d5 2. Nf3 Nc6 3. Bf4 Nf6 4. Nc3 Be6 5. e3 Ne4 6. Nxe4 dxe4 7. Ng5 Bd5 8.
Bb5 e6 9. Qd2 a6 10. b4 axb5 11. O-O Nxb4 12. Rab1 c5 13. dxc5 Bxc5 14. Qc3 f6
15. Nh3 Bxa2 16. Rb2 Bc4 17. Rbb1 Bxf1 18. Kxf1 Qb6 19. Qb3 e5 20. Bg3 Ra2 21.
Bh4 Rxc2 22. Ra1 g5 23. Bg3 g4 24. Qa3 gxh3 25. gxh3 Qa6 26. Qb3 Qxa1+ 27. Kg2
Qe1 28. Qd3 Nxd3 29. Bh4 Qxf2+ 30. Bxf2 Rxf2+ 31. Kg3 Bxe3 32. Kh4 h5 33. Kg3 f5
0-1

[Event "AUTO-OPEN-319"]
[Site "http://www.queenalice.com/game.php?id=84455"]
[Date "2006.7.10"]
[Round "1"]
[White "soneca"]
[Black "pattmenezes"]
[Result "1-0"]
[WhiteElo "1537"]
[BlackElo "1097"]

1. e4 e5 2. Nf3 Nf6 3. d3 d6 4. c4 c5 5. Qa4+ Nbd7 6. g3 b6 7. d4 exd4 8. Bd3
Bb7 9. Bg5 Rc8 10. Qxa7 Rb8 11. Qa4 Nh5 12. Bxd8 Rxd8 13. Qa7 Nf4 14. gxf4 Bc6
15. Nbd2 Ba4 16. Qxa4 Be7 17. e5 dxe5 18. fxe5 Bh4 19. Nxh4 g5 20. Nf5 O-O 21.
Ne7+ Kg7 22. Bf5 Nxe5 23. Qa6 Rde8 24. Qa7 Rc8 25. Nxc8 Nd3+ 26. Ke2 Ne5 27.
Nxb6 Re8 28. Kd1 Nd3 29. Bxd3 g4 30. Rg1 Re5 31. Rxg4+ Kf6 32. Nd5+ Rxd5 33.
cxd5 Ke5 34. Qe7+ Kxd5 35. Be4# 1-0

[Event "AUTO-OPEN-319"]
[Site "http://www.queenalice.com/game.php?id=84470"]
[Date "2006.7.10"]
[Round "1"]
[White "soneca"]
[Black "chalachalom"]
[Result "0-1"]
[WhiteElo "1515"]
[BlackElo "1791"]

1. e4 c5 2. c4 d6 3. f4 e5 4. fxe5 Qh4+ 5. g3 Qxe4+ 6. Qe2 Qxh1 7. exd6+ Ne7 8.
dxe7 Bxe7 9. Qf2 Qc6 10. Ne2 Nd7 11. d4 cxd4 12. Nxd4 Qe4+ 13. Be3 O-O 14. Nc3
Qg6 15. Nf5 Re8 16. Nd5 Bb4+ 17. Ke2 Qg4+ 18. Kd3 Qe4+ 19. Ke2 Qxc4+ 20. Kf3
Qxd5+ 21. Kg4 Ne5+ 22. Kh3 g6 23. g4 gxf5 24. gxf5 Kh8 25. Qf4 Rg8 26. Bd4 f6
27. Re1 Bxe1 28. Bg2 Qxg2# 0-1

[Event "AUTO-OPEN-319"]
[Site "http://www.queenalice.com/game.php?id=84471"]
[Date "2006.7.10"]
[Round "1"]
[White "chalachalom"]
[Black "soneca"]
[Result "1-0"]
[WhiteElo "1705"]
[BlackElo "1650"]

1. e4 e5 2. Nf3 d6 3. Bc4 Nf6 4. d3 c5 5. Ng5 Qa5+ 6. Bd2 Qd8 7. Nxf7 Bg4 8. f3
Qd7 9. fxg4 b5 10. Nxh8 Nxg4 11. Qf3 bxc4 12. dxc4 a5 13. Nc3 g5 14. O-O Bh6 15.
Bxg5 Bxg5 16. Qf8# 1-0

[Event "Challenge"]
[Site "http://www.queenalice.com/game.php?id=87523"]
[Date "2006.7.19"]
[Round "-"]
[White "biancadelafuente"]
[Black "soneca"]
[Result "0-1"]
[WhiteElo "1091"]
[BlackElo "1546"]

1. e4 c5 2. Nf3 d6 3. e5 dxe5 4. Nxe5 f6 5. Nf3 e5 6. Bb5+ Bd7 7. Bd3 Nc6 8. O-O
Nge7 9. Bc4 e4 10. Nh4 f5 11. Nxf5 Nxf5 12. Qe1 Qe7 13. d3 Nd6 14. Bd5 Be6 15.
dxe4 Bxd5 16. exd5 Nb4 17. Nc3 Nxc2 18. Qd2 Nxa1 19. Qd3 c4 0-1

[Event "Challenge"]
[Site "http://www.queenalice.com/game.php?id=89452"]
[Date "2006.7.25"]
[Round "-"]
[White "Artking"]
[Black "soneca"]
[Result "1-0"]
[WhiteElo "1693"]
[BlackElo "1537"]

1. e4 c5 2. Nf3 Nf6 3. e5 Nd5 4. c3 c4 5. Bxc4 Nf4 6. d4 Nxg2+ 7. Kf1 Qc7 8.
Bxf7+ Kxf7 9. Ng5+ Ke8 10. Qf3 Qc4+ 11. Kxg2 Nc6 12. Nd2 Qb5 13. c4 Qb4 14. Nde4
Qxc4 15. Be3 Nxd4 16. Bxd4 Qxd4 17. e6 dxe6 18. Qf7+ Kd8 19. Rhd1 Qd7 20. Nxe6#
1-0